England UEFA European Championships XIs - Statistics

General Stats
  • This quiz has been taken 383 times
  • The average score is 49 of 91
Answer Stats
Answer % Correct
Harry Kane
99%
Jordan Pickford
97%
Des Walker
93%
Kyle Walker
93%
Frank Lampard
92%
Joe Hart
92%
Jude Bellingham
92%
Steven Gerrard
92%
Harry Maguire
91%
John Stones
91%
Wayne Rooney
91%
Bukayo Saka
90%
Phil Foden
90%
Declan Rice
89%
Ashley Cole
88%
Luke Shaw
87%
John Terry
85%
David Beckham
84%
Kieran Trippier
83%
Paul Scholes
83%
Alan Shearer
80%
Gary Neville
80%
Phil Neville
80%
David Seaman
79%
Michael Owen
79%
Raheem Sterling
78%
David James
77%
Marc Guéhi
75%
Bobby Charlton
74%
Sol Campbell
73%
Gary Lineker
72%
Gary Cahill
71%
Kalvin Phillips
70%
Bobby Moore
68%
Mason Mount
61%
Teddy Sheringham
61%
Tony Adams
61%
Glen Johnson
59%
Dele Alli
58%
James Milner
58%
Mark Wright
58%
Danny Welbeck
57%
Gordon Banks
57%
Kobbie Mainoo
57%
Paul Gascoigne
57%
Tommy Wright
57%
Peter Shilton
54%
Steve McManaman
51%
Ashley Young
50%
Carlton Palmer
50%
Paul Ince
49%
Chris Smalling
47%
Danny Rose
47%
Eric Dier
46%
Joleon Lescott
46%
Gareth Southgate
45%
John Barnes
45%
Geoff Hurst
44%
Adam Lallana
42%
Bryan Robson
41%
Scott Parker
41%
Martin Keown
40%
Alan Smith
39%
Kevin Keegan
37%
Stuart Pearce
33%
David Platt
32%
Darren Anderton
30%
Glenn Hoddle
28%
Dennis Wise
25%
David Batty
24%
Nobby Stiles
24%
Peter Beardsley
24%
Roger Hunt
24%
Martin Peters
23%
Ray Wilson
22%
Chris Woods
19%
Phil Thompson
19%
Ray Clemence
19%
Trevor Steven
19%
Ray Wilkins
18%
Kenny Sansom
17%
Andy Sinton
16%
Gary Stevens
16%
Phil Neal
16%
Trevor Brooking
14%
Steve Coppell
12%
Brian Labone
11%
Norman Hunter
11%
Tony Woodcock
11%
David Watson
10%
Terry McDermott
9%
No matching quizzes found
Score Distribution
Percent of People with Each Score
Percentile by Number Answered
Your Score History
You have not taken this quiz